Las dimensiones del sonido: música, frontera e identidad en el noreste /

En estas líneas el autor explora procesos de construcción de identidades sociales, en el noreste mexicano y sur norteamericano, alrededor de la música popular

Spremljeno u:
Bibliografski detalji
Glavni autor: Olvera G., José Juan
Format: Tekst
Teme:
Oznake: Dodaj oznaku
Bez oznaka, Budi prvi tko označuje ovaj zapis!

MARC

LEADER 00000 a a2200000 04500
001 18733
003
040
100 |a Olvera G., José Juan  
245 |a Las dimensiones del sonido: música, frontera e identidad en el noreste /  |c José Juan Olvera G. 
520 |a En estas líneas el autor explora procesos de construcción de identidades sociales, en el noreste mexicano y sur norteamericano, alrededor de la música popular  
650 |a IDENTIDAD SOCIAL  
650 |a MUSICA  
650 |a FACTORES CULTURALES  
650 |a MEXICO  
773 |g volumen 10, número 26; páginas 20-30  
999 |c 27444  |d 27444